Finanzas públicas en la práctica (Registro nro. 1147)

Detalles MARC
000 -LEADER
fixed length control field 01017 a2200229 4500
001 - CONTROL NUMBER
control field 23965
005 - DATE AND TIME OF LATEST TRANSACTION
control field 20260407155525.0
008 - FIXED-LENGTH DATA ELEMENTS--GENERAL INFORMATION
fixed length control field 260407a2013 arg spa d
003 - CONTROL NUMBER IDENTIFIER
control field AR-UNSa-BCEJYS
040 ## - CATALOGING SOURCE
Original cataloging agency AR-UNSa-BCEJYS
Language of cataloging spa
Transcribing agency AR-UNSa-BCEJYS
080 ## - UNIVERSAL DECIMAL CLASSIFICATION NUMBER
Universal Decimal Classification number 336.1
Common auxiliary subdivision Finanzas Públicas. Finanzas del gobierno en general<br/> <br/>
020 ## - INTERNATIONAL STANDARD BOOK NUMBER
International Standard Book Number 978-987-02-7035-5
100 1# - MAIN ENTRY--PERSONAL NAME
Personal name Garriga, Marcelo
245 10 - TITLE STATEMENT
Title Finanzas públicas en la práctica
Name of part/section of a work selección de casos y aplicaciones
264 #1 - PRODUCTION, PUBLICATION, DISTRIBUTION, MANUFACTURE, AND COPYRIGHT NOTICE
Place of production, publication, distribution, manufacture Buenos Aires :
Name of producer, publisher, distributor, manufacturer Dunken
Date of production, publication, distribution, manufacture, or copyright notice 2013
300 ## - PHYSICAL DESCRIPTION
Extent 364 p.
Dimensions 22 cm.
505 ## - FORMATTED CONTENTS NOTE
Formatted contents note 1. Estructura del gasto público, bienes públicos y externalidades - 2. Enfoque de economía política - 3. Gasto público social y sectores: salud, educación, seguridad social, pobreza - 4. Impuestos - 5. Federalismo fiscal
590 ## - LOCAL NOTE (RLIN)
Local note niveau_biblio:m niveau_hierar:0
700 1# - ADDED ENTRY--PERSONAL NAME
Personal name Rosales, Walter
856 41 - ELECTRONIC LOCATION AND ACCESS
Uniform Resource Identifier <a href="https://biblioeco.unsa.edu.ar/pmb/images/libros/Finanzas P?blicas en la Pr?ctica.jpg">https://biblioeco.unsa.edu.ar/pmb/images/libros/Finanzas P?blicas en la Pr?ctica.jpg</a>
Link text Imagen de portada
Electronic format type image/jpeg
942 ## - ADDED ENTRY ELEMENTS (KOHA)
Koha item type
Existencias
Withdrawn status Lost status Damaged status Not for loan Home library Current library Shelving location Date acquired Total checkouts Full call number Barcode Date last seen Price effective from Koha item type
        Biblioteca Prof. Eusebio Cleto del Rey Biblioteca Prof. Eusebio Cleto del Rey   07/04/2026   336.1 G241 L119597 07/04/2026 07/04/2026 Libro